[Event "CHI-chT"]
[Site "Santiago de Chile"]
[Date "2012.12.13"]
[Round "7"]
[White "Zenteno Castro, Pedro"]
[Black "Weinstein Balmaceda, Tomas"]
[Result "0-1"]
[WhiteElo "1863"]
[BlackElo "1940"]
[PlyCount "66"]
[EventDate "2012.11.22"]
[EventType "team-tourn"]
[EventRounds "9"]
[EventCountry "CHI"]
[SourceTitle "EXT 2014"]
[Source "ChessBase"]
[SourceDate "2013.11.20"]
[SourceVersion "1"]
[SourceVersionDate "2013.11.20"]
[SourceQuality "1"]

1. d4 Nf6 2. c4 g6 3. Nc3 Bg7 4. e4 d6 5. f4 0-0 6. Nf3 c5 7. d5 e6 8. dxe6 Bxe6 9. Bd3 a6 10. f5 Bd7 11. 0-0 Bc6 12. Bg5 Qc7 13. Qd2 Re8 14. Rae1 Nbd7 15. Nd5 Bxd5 16. exd5 Ng4 17. Qf4 Nge5 18. Nxe5 Nxe5 19. Bb1 f6 20. Bxf6 Bxf6 21. fxg6 Rf8 22. gxh7+ Kh8 23. b3 Qg7 24. Bf5 Nd3 25. Bxd3 Bd4+ 26. Kh1 Rxf4 27. Rxf4 Be5 28. Rf3 Rf8 29. Bf5 Rxf5 30. Rxf5 Qxh7 31. Rfxe5 dxe5 32. h3 Qf5 33. d6 Qd3 0-1